000 00806nam a2200241Ia 4500
003 OSt
005 20220927105322.0
006 a|||||r|||| 00| 0
007 ta
008 220926b |||||||| |||| 00| 0 eng d
024 _a175991
037 _cReference Collections
040 _aRTL
_cRTL
_beng
041 _2eng
_aeng
082 _a"X:(B28).292, P7/GD"
110 _a"INDIA, PLANNING AND STATISTICS (Directorate Planning of-)"
_9371666
245 0 _aBasic statistics 2007
_b Union territory of Lakshadweep
260 _aKavaratti
_bDirectorate of Planning and Statistics
_c2007
300 _a"xiv, 271p"
_ccm.
700 _a"INDIA, PLANNING AND STATISTICS (Directorate Planning of-)"
_9371667
942 _h"X:(B28).292, P7/GD"
_cCC
999 _c691800
_d691800